000 00268nam a22001337a 4500
008 170524b xxu||||| |||| 00| 0 eng d
020 _a3540116311
041 _aeng
080 _a62
100 _a26
101 _aIM
245 _aCHILL
_cSAMMER,W
942 _2udc
_cBK
999 _c14060
_d14060